000 00905nam a22002417a 4500
999 _c7497
_d7497
003 AR-CdUCM
008 190320b ||||| |||| 00| 0 spa d
040 _aMUNICIPALIDAD PROVINCIAL DEL CUSCO
_cBIBLIOTECA MUNICIPAL DEL CUSCO
041 _heng
082 _22ed.
_a620.009 /
_bK51
100 _aKiaulehn, Walther
_921155
245 _aLos ángeles de hierro :
_borigen, historia y poder de las máquinas /
260 _aBarcelona :
_bLabor,
_c1959.
300 _a322 páginas ;
_bIlustraciones,
_c22 cm.
500 _aTítulos originales: Die eisernen engel.
505 _aEl preludio -- La fuerza de la nada -- El secreto de la rosa -- La chispa en la noche -- Algunas observaciones intermedias -- El anhelo del homúsculo ...
650 _aHistoria
_9136
650 _aPoder
_94273
650 _aMáquinas
_920333
700 _aGarcia molins, Antonio
_921156
942 _2ddc
_cLIBROS
945 _aacv